Pocket essentials of obstetrics and gynaecology / (رقم التسجيلة. 35292)

تفاصيل مارك
000 -الفاتح
حقل البيانات ثابتة الطول 02144cam a2200421 a 4500
001 - رقم الضبط
رقم الضبط 16702737
003 - محدد رقم الضبط
رقم الضبط OSt
005 - وقت وتاريخ اخر تعامل مع التسجيلة
رقم الضبط 20150408114219.0
008 - عناصر البيانات ثابتة الطول - معلومات عامة
حقل البيانات ثابتة الطول 110315s2012 stka f 001 0 eng
010 ## - رقم ضبط مكتبة الكونجرس
رقم ضبط مكتبة الكونجرس 2011011335
020 ## - الرقم الدولى المعيارى للكتب
الرقم الدولى المعيارى للكتاب 9780702043611
035 ## - رقم ضبط النظام
رقم ضبط النظام (DNLM)101556399
040 ## - مصدر الفهرسة
وكالة الفهرسة الأصلية DNLM/DLC
وكالة النسخ DLC
وكالة التعديل DLC
042 ## - رمز التحقق
رمز التحقق pcc
050 00 - رقم طلب مكتبة الكونجرس
رقم التصنيف RG110
رقم المادة .O74 2012
060 10 - رقم الطلب بالمكتبة الطبية الوطنية
رقم التصنيف WQ 39
082 00 - رقم تصنيف ديوى العشرى
رقم التصنيف 618
رقم الطبعة OBP
100 1# - المدخل الرئيسى - إسم شخصى
الإسم الشخصى O'Reilly, Barry,
العنوان والكلمات الأخرى المصاحبة للاسم MD.
9 (RLIN) 45621
245 10 - بيان العنوان
العنوان Pocket essentials of obstetrics and gynaecology /
بيان المسئوليه,etc Barry O'Reilly, Cecilia Bottomley, Janice Rymer.
250 ## - بيان الطبعة
بيان الطبعة 2nd ed.
260 ## - PUBLICATION, DISTRIBUTION, ETC. (IMPRINT)
مكان الناشر او الموزع Edinburgh :
اسم الناشر او الموزع Elsevier,
تاريخ النشر أو التوزيع 2012.
300 ## - الوصف المادى
التعداد x 329 p. :
تفاصيل ماديه اخرى للوعاء ill. ;
أبعاد الوعاء 19 cm.
500 ## - تبصرة عامة
تبصرة عامة Includes index.
500 ## - تبصرة عامة
تبصرة عامة Rev. ed. of: Saunders' pocket essentials of obstetrics and gynaecology, 2005.
505 0# - تبصرة محتويات-الفهرس
تبصرة المحتويات المصاغة Gynaecology history taking -- Gynaecological examination -- Obstetric history taking -- Obstetric examination -- The menstrual cycle, menstrual disorders, infertility and the menopause -- Pelvic pain, endometriosis and minimal-access surgery -- Problems of the female genital tract -- Uterovaginal prolapsed and urinary incontinence -- Family planning and sexual health -- Bleeding in early pregnancy -- Pre-pregnancy counselling, prenatal diagnosis and antenatal care -- Physiology of pregnancy and pregnancy problems -- Multiple pregnancy, breech and abnormal presentations -- Labour -- The puerperium -- Neonatal medicine -- Emergencies and procedures.
650 #0 - المدخل الاضافى بالموضوع-مصطلح موضوعى
مصطلح موضوعي أو اسم جغرافي كعنصر مدخل Gynecology
التقسيم الفرعي الشكلي Handbooks, manuals, etc.
9 (RLIN) 16194
650 #0 - المدخل الاضافى بالموضوع-مصطلح موضوعى
مصطلح موضوعي أو اسم جغرافي كعنصر مدخل Obstetrics
التقسيم الفرعي الشكلي Handbooks, manuals, etc.
9 (RLIN) 16195
650 #0 - المدخل الاضافى بالموضوع-مصطلح موضوعى
مصطلح موضوعي أو اسم جغرافي كعنصر مدخل Women
التقسيم الفرعي العام Diseases
التقسيم الفرعي الشكلي Handbooks, manuals, etc.
9 (RLIN) 45622
650 12 - المدخل الاضافى بالموضوع-مصطلح موضوعى
مصطلح موضوعي أو اسم جغرافي كعنصر مدخل Obstetrics
التقسيم الفرعي الشكلي Handbooks.
9 (RLIN) 16195
650 22 - المدخل الاضافى بالموضوع-مصطلح موضوعى
مصطلح موضوعي أو اسم جغرافي كعنصر مدخل Genital Diseases, Female
التقسيم الفرعي الشكلي Handbooks.
9 (RLIN) 45623
650 22 - المدخل الاضافى بالموضوع-مصطلح موضوعى
مصطلح موضوعي أو اسم جغرافي كعنصر مدخل Pregnancy Complications
التقسيم الفرعي الشكلي Handbooks.
9 (RLIN) 5520
700 1# - المدخل الاضافى - اسم شخصى
الإسم الشخصى Bottomley, Cecilia.
9 (RLIN) 45624
700 1# - المدخل الاضافى - اسم شخصى
الإسم الشخصى Rymer, Janice.
9 (RLIN) 45625
730 0# - المدخل الاضافى- عنوان موحد
عنوان موحد Saunders' pocket essentials of obstetrics and gynaecology.
9 (RLIN) 45626
906 ## - عنصر بيانات محلى F, LDF (RLIN)
a 7
b cbc
c orignew
d 1
e ecip
f 20
g y-gencatlg
942 ## - عناصر المدخل الإضافي( كوها)
مصدر التصنيف او مخطط الترفيف Dewey Decimal Classification
Koha [default] item type كتاب
المقتنيات
حالة الفقد نموذج السعر الفعال حالة تلف ليس للاعارة رقم الطلب رقم النسخة تاريخ الاكتساب الموقع الحالي الباركود الفرع الرئيسي Date last seen نوع المادة فى نظام كوها مصدر التصنيف او خطة الترفيف Total Checkouts Date last checked out
  2014-06-24   Not For Loan 618 1 2014-06-24 المكتبة المركزية بالمجمعة (CL) 00307383 المكتبة المركزية بالمجمعة (CL) 2014-06-24 كتاب Dewey Decimal Classification    
  2014-06-24     618 2 2014-06-24 المكتبة المركزية بالمجمعة (CL) 00307384 المكتبة المركزية بالمجمعة (CL) 2017-04-27 كتاب Dewey Decimal Classification 2 2017-03-30